La voz interior del hombre : memorias de un guitarrista /

Nacido en Buenos Aires en 1929 y muerto en la Ciudad de México en 2006, Manuel López Ramos estudió guitarra en su país natal con Miguel Michelone. Miembro de una familia artística -hermano, de hecho, de la actriz Marga López-, López Ramos es considerado un gran intérprete, promotor y difusor de la m...

Celý popis

Uloženo v:
Podrobná bibliografie
Hlavní autor: López Ramos, Manuel (autor)
Médium: Kniha
Jazyk:španělština
Vydáno: México : edición de autor, 2003, c2003
Témata:
Tagy: Přidat tag
Žádné tagy, Buďte první, kdo vytvoří štítek k tomuto záznamu!

MARC

LEADER 00000nam^a2200000^a^4500
001 000267926
005 20250521000000.0
008 071010 20032003
009 20260310110838.774
025 |a Donación sin dato, 1 ejemplar 
037 |a Acervo ITESO - Biblioteca 
041 |a ESP 
082 |a 789. 1110972  |b LOP 
100 |a López Ramos, Manuel  |e (autor) 
245 1 3 |a La voz interior del hombre :  |b memorias de un guitarrista /  |c M. López Ramos ; pról. de Federico del Real. 
264 4 |a México :  |b edición de autor,  |c 2003, c2003 
300 |a 167 p. 
336 |a texto  |b txt  |2 rdacontenido 
337 |a sin mediación  |b n  |2 rdamedio 
338 |a volumen  |b nc  |2 rdasoporte 
520 |a Nacido en Buenos Aires en 1929 y muerto en la Ciudad de México en 2006, Manuel López Ramos estudió guitarra en su país natal con Miguel Michelone. Miembro de una familia artística -hermano, de hecho, de la actriz Marga López-, López Ramos es considerado un gran intérprete, promotor y difusor de la música de guitarra, desempeñándose como solista en numerosas orquestas. Radicado en México desde mediados de los 50, uno de sus grandes proyectos fue la grabación de toda la música de guitarra de Manuel M. Ponce. Se le reconoce también como un gran docente. 
649 |a XX 
650 |a Músicos Argentinos -  |x Memorias 
650 |a Músicos Mexicanos -  |x Memorias 
650 |a Memorias Argentinas 
650 |a Memorias Mexicanas 
650 |a Guitarra -  |x Tema Principal 
650 |a Instrumentos de Cuerda 
650 |a Instrumentos Musicales 
650 |a Música Argentina -  |y Siglo XX 
650 |a Música Argentina -  |x Historia y Crítica 
650 |a Música Mexicana -  |y Siglo XX 
650 |a Música Mexicana -  |x Historia y Crítica 
650 |a López Ramos, Manuel -  |x Tema Principal 
910 |a Fondo General 
920 |a Impresos - Libros 
930 |a Colección General 
905 |a 101 
901 |a 0500152066  |b IT1  |c ACC  |i D  |u 20250521 
902 |a https://opac.biblio.iteso.mx/vufind/Record/000267926